000 01681nam a2200229Ia 4500
003 OSt
005 20211116163907.0
008 210310s1953 sp fr 001 0 spa d
040 _aCO-JMCR
_cCO-JMCR
041 0 _aspa
082 0 4 _a338.9 /
_bB842i
_223
100 1 _aBresciani-Turroni, Constantino,
_918221
_eautor
245 1 0 _aIntroducción a la política económica /
_cConstantino Bresciani-Turroni ; prólogo de Luis Einaudi ; traducción española de Juan Eugenio Morera
260 _aBarcelona :
_bBosch,
_c1953
300 _a407 páginas ;
_c21 cm.
500 _aIncluye índice de autores y notas a pie de página.
505 0 _aLas intervenciones estatales y la ciencia económica -- El concepto de "equilibrio económico" -- Las imperfecciones del mercado -- Los fines y las formas de las intervenciones estatales -- Intervenciones estatales que modifican los "Datos" de la situación económica -- Intervenciones directas en el "mecanismo" del mercado -- La economía socialista -- La economía dirigida -- Los monopolios -- Las crisis económicas y la política de la "coyuntura" -- Las obras públicas como medio de lucha contra la desocupación -- Las relaciones económicas internacionales y el problema de los "grandes espacios económicos" -- El patrón oro y el sistema "Clearing" -- Algunos aspectos recientes de la política monetaria y bancaria -- El Fondo Monetario Internacional -- Wl Banco Internacional de Reconstrucción y Fomento -- La distribución de las rentas individuales
650 1 4 _aPolítica económica
_918223
700 1 _aEinaudi, Luis,
_eprologuista
_941547
700 1 _aMorera, Juan Eugenio,
_etraductor
_941548
942 _2ddc
_cBK
999 _c8764
_d8764